| 000 | 00784nam a22002177a 4500 | ||
|---|---|---|---|
| 005 | 20140310183644.0 | ||
| 008 | 131221b xxu||||| |||| 00| 0 eng d | ||
| 020 | _a9780123983312 | ||
| 050 |
_aTK 6557.5 _b.Sa256 2013 |
||
| 100 | _aSauls, Samuel J. | ||
| 245 |
_aAudio production worktext : _bconcepts, techniques, and equipment / _cSamuel J. Sauls, Craig A. Stark, David E. Reese. |
||
| 250 | _a7th ed. | ||
| 260 |
_aBurlington, Mass. : _bFocal Press, _c2013. |
||
| 300 |
_axv, 262 p. : _bill. ; _c28 cm. |
||
| 650 |
_aSound studios _yTextbooks. |
||
| 650 |
_aRadio stations _vEquipment and supplies _xTextbooks. |
||
| 650 |
_aRadio _vProduction and direction _xTextbooks. |
||
| 700 |
_aStark, Craig A. _eauthor. |
||
| 700 |
_aReese, David E. _eauthor. |
||
| 942 |
_2lcc _cBK _kFOR |
||
| 999 |
_c25890 _d25890 |
||